LIBRARY & INFORMATION CENTRE, KCAET, TAVANUR

ONLINE PUBLIC ACCESS CATALOGUE (OPAC)

Standard handbook of civil engineering / (Record no. 7093)

MARC details
000 -LEADER
fixed length control field 00424cam a2200157ua 4500
041 ## - LANGUAGE CODE
Language code of text/sound track or separate title eng
082 ## - DEWEY DECIMAL CLASSIFICATION NUMBER
Classification number 028.71624
Item number GUR/ST
100 ## - MAIN ENTRY--AUTHOR NAME
Personal name Gurcharan, Singh .
245 ## - TITLE STATEMENT
Title Standard handbook of civil engineering /
250 ## - EDITION STATEMENT
Edition statement 1 /
260 ## - PUBLICATION, DISTRIBUTION, ETC. (IMPRINT)
Place of publication New Delhi :
Name of publisher Standard publishers Distributors ,
Year of publication 1966.
300 ## - PHYSICAL DESCRIPTION
Number of Pages 924 ; .
942 ## - ADDED ENTRY ELEMENTS (KOHA)
Koha item type Books
Holdings
Withdrawn status Lost status Damaged status Home library Current library Date acquired Full call number Accession Number Koha item type
      KAUAET   09/03/1987 028.71624 16042 Books
free website counter